[Event "TCh-FRA Top 12 2014"]
[Site "Saint-Quentin FRA"]
[Date "2014.05.31"]
[Round "8.5"]
[White "Sebag, Marie"]
[Black "Grafl, Florian"]
[Result "0-1"]
[WhiteTitle "GM"]
[BlackTitle "IM"]
[WhiteElo "2486"]
[BlackElo "2403"]
[WhiteTeam "L'Echiquier Chalonnais"]
[BlackTeam "Les Tours de Haute Picardie"]
[WhiteFideId "617822"]
[BlackFideId "4645715"]
[EventDate "2014.05.24"]

1. e4 d5 2. exd5 Qxd5 3. Nc3 Qd6 4. d4 Nf6 5. Nf3 a6 6. Bd3 Bg4 7. Ne4 Nxe4 8.
Bxe4 f5 9. Bd3 Nc6 10. h3 Bxf3 11. Qxf3 g6 12. c3 e5 13. O-O O-O-O 14. Qg3 exd4
15. Bf4 Qd7 16. cxd4 Bd6 17. d5 Nb4 18. Bc4 Bxf4 19. Qxf4 Nxd5 20. Qf3 Nb6 21.
Rfc1 Nxc4 22. Rxc4 c6 23. Rac1 Qd5 24. Qe3 Rhe8 25. Qb6 Rd6 26. Qa7 Re4 27. b3
Rde6 28. Rxe4 Rxe4 29. Qa8+ Kc7 30. Qh8 Qd7 31. Qc3 Qd4 32. Qc2 Qe5 33. Qd2 Re2
34. Qb4 Rxa2 35. Qh4 h5 36. Rd1 Rd2 37. Rxd2 Qe1+ 38. Kh2 Qxd2 39. Qe7+ Qd7 40.
Qg5 Qd6+ 41. g3 b5 42. b4 Kb7 43. h4 f4 44. gxf4 Qxb4 45. Qxg6 Qxf4+ 46. Kg2
Qxh4 47. Qf7+ Kb6 48. f4 Qg4+ 49. Kf2 h4 50. Qf6 Qg3+ 51. Ke2 Qg2+ 52. Ke3 Qg1+
53. Ke2 Qg2+ 54. Ke3 Qd5 55. Qxh4 b4 56. Qh8 b3 57. Qb8+ Ka5 58. Qf8 c5 59. Qb8
Qd4+ 60. Ke2 b2 61. Qb3 Qe4+ 0-1

[Event "TCh-FRA Top 12 2014"]
[Site "Saint-Quentin FRA"]
[Date "2014.05.31"]
[Round "8.6"]
[White "Eliet, Nicolas"]
[Black "Favarel, Antoine"]
[Result "1-0"]
[WhiteTitle "IM"]
[BlackTitle "FM"]
[WhiteElo "2402"]
[BlackElo "2333"]
[WhiteTeam "Les Tours de Haute Picardie"]
[BlackTeam "L'Echiquier Chalonnais"]
[WhiteFideId "602302"]
[BlackFideId "642371"]
[EventDate "2014.05.24"]

1. c4 e5 2. g3 Nf6 3. Bg2 c6 4. d4 Bb4+ 5. Bd2 Bxd2+ 6. Qxd2 d6 7. Nc3 O-O 8. e3
Be6 9. d5 cxd5 10. cxd5 Bd7 11. Nge2 b5 12. a3 a5 13. Na2 Bf5 14. f3 Nbd7 15. e4
Bg6 16. O-O Nb6 17. Nec3 Nc4 18. Qf2 Qb8 19. Rfc1 Rc8 20. Bf1 Nd7 21. g4 h5 22.
Nxb5 Ra7 23. Qxa7 Qxb5 24. Bxc4 Nb6 25. Kg2 Qc5 26. Be2 Qd4 27. Rxc8+ Nxc8 28.
Qa6 Qxb2 29. Qxc8+ Kh7 30. Qc2 Qxa1 31. a4 f6 32. Nc3 1-0

[Event "TCh-FRA Top 12 2014"]
[Site "Saint-Quentin FRA"]
[Date "2014.05.31"]
[Round "8.7"]
[White "Velten, Paul"]
[Black "Cappon, John"]
[Result "1-0"]
[WhiteTitle "IM"]
[WhiteElo "2429"]
[BlackElo "2238"]
[WhiteTeam "L'Echiquier Chalonnais"]
[BlackTeam "Les Tours de Haute Picardie"]
[WhiteFideId "681091"]
[BlackFideId "608459"]
[EventDate "2014.05.24"]

1. d4 e6 2. Nf3 Nf6 3. Bg5 c5 4. e3 h6 5. Bh4 b6 6. Bd3 Bb7 7. O-O cxd4 8. exd4
Be7 9. Nbd2 O-O 10. c3 d6 11. Re1 Nbd7 12. Qe2 Nh5 13. Bg3 Nxg3 14. hxg3 Nf6 15.
a4 Qc7 16. Bc2 Rfe8 17. Qd3 a5 18. Bb3 Bf8 19. Bc4 e5 20. d5 Rac8 21. Bb3 Qd7
22. c4 Qg4 23. Qb1 e4 24. Nh2 Qf5 25. Bc2 Qg5 26. Nhf1 g6 27. Bxe4 Bg7 28. Ra3
Ba6 29. Bd3 Rxe1 30. Qxe1 Re8 31. Qb1 Bc8 32. b4 Ng4 33. Nf3 Qd8 34. bxa5 bxa5
35. Rb3 Bd7 36. Rb7 Qc8 37. Qb6 Bf5 38. Rc7 Qb8 39. Qxb8 Rxb8 40. Bxf5 gxf5 41.
c5 dxc5 42. Rxc5 Rb1 43. d6 Nf6 44. Nh4 Rd1 45. Nxf5 Ne4 46. Rxa5 Nxd6 47. Ra8+
Kh7 48. Rd8 1-0

[Event "TCh-FRA Top 12 2014"]
[Site "Saint-Quentin FRA"]
[Date "2014.05.31"]
[Round "8.8"]
[White "Benmesbah, Natacha"]
[Black "Donrault, Patrick"]
[Result "1/2-1/2"]
[WhiteTitle "WIM"]
[WhiteElo "2187"]
[BlackElo "2195"]
[WhiteTeam "Les Tours de Haute Picardie"]
[BlackTeam "L'Echiquier Chalonnais"]
[WhiteFideId "642002"]
[BlackFideId "605255"]
[EventDate "2014.05.24"]

1. e4 e6 2. d4 d5 3. Nc3 Bb4 4. e5 Qd7 5. a3 Bxc3+ 6. bxc3 b6 7. Qg4 f5 8. Qh5+
Qf7 9. Qxf7+ Kxf7 10. c4 c6 11. cxd5 cxd5 12. a4 Ba6 13. Bb5 Bxb5 14. axb5 a5
15. bxa6 Rxa6 16. Rxa6 Nxa6 17. Ba3 Ne7 18. Bxe7 Kxe7 19. Kd2 Nb4 20. Ne2 Rc8
21. c3 Nc6 22. Kd3 Na5 23. Rb1 Nc4 24. Ra1 Na5 1/2-1/2

[Event "TCh-FRA Top 12 2014"]
[Site "Saint-Quentin FRA"]
[Date "2014.06.01"]
[Round "9.1"]
[White "Pelletier, Yannick"]
[Black "Istratescu, Andrei"]
[Result "1/2-1/2"]
[WhiteTitle "GM"]
[BlackTitle "GM"]
[WhiteElo "2577"]
[BlackElo "2667"]
[WhiteTeam "Les Tours de Haute Picardie"]
[BlackTeam "Evry Grand Roque"]
[WhiteFideId "1301837"]
[BlackFideId "1200372"]
[EventDate "2014.05.24"]

1. d4 d6 2. c4 e5 3. Nf3 e4 4. Ng5 f5 5. Nc3 Be7 6. Nh3 c6 7. g3 Nf6 8. Bg2 O-O
9. d5 Ng4 10. O-O Ne5 11. b3 Bf6 12. Bb2 Na6 13. Rb1 c5 14. Kh1 Nc7 15. f3 exf3
16. exf3 a6 17. Nf2 b5 18. f4 Nf7 19. Qd2 Bd7 20. Ne2 a5 21. Rfc1 Re8 22. Nd3 1/2-1/2

[Event "TCh-FRA Top 12 2014"]
[Site "Saint-Quentin FRA"]
[Date "2014.06.01"]
[Round "9.2"]
[White "Fedorchuk, Sergey A."]
[Black "David, Alberto"]
[Result "1/2-1/2"]
[WhiteTitle "GM"]
[BlackTitle "GM"]
[WhiteElo "2638"]
[BlackElo "2579"]
[WhiteTeam "Evry Grand Roque"]
[BlackTeam "Les Tours de Haute Picardie"]
[WhiteFideId "14102536"]
[BlackFideId "4000013"]
[EventDate "2014.05.24"]

1. e4 c5 2. Nf3 e6 3. d4 cxd4 4. Nxd4 a6 5. Be2 Nf6 6. Nc3 Qc7 7. O-O d6 8. a4
Nc6 9. Be3 Be7 10. f4 O-O 11. Kh1 Re8 12. Qd2 Bd7 13. Nb3 b6 14. Bf3 Rab8 15. g4
Bc8 16. g5 Nd7 17. Bg2 Na5 18. Qf2 Nc4 19. Bc1 Bb7 20. Nd4 Bf8 21. Nde2 g6 22.
b3 Na5 23. Be3 Nc6 24. Rad1 Ba8 25. Rd2 Nb4 26. Rfd1 Nc5 27. Rf1 Nd7 28. Rfd1
Nc5 29. Rf1 Bg7 30. Bd4 e5 31. fxe5 Bxe5 32. Nf4 Rbc8 33. Nfd5 Bxd5 1/2-1/2

[Event "TCh-FRA Top 12 2014"]
[Site "Saint-Quentin FRA"]
[Date "2014.06.01"]
[Round "9.3"]
[White "Bunzmann, Dimitrij"]
[Black "Sochacki, Christophe"]
[Result "1/2-1/2"]
[WhiteTitle "GM"]
[BlackTitle "IM"]
[WhiteElo "2464"]
[BlackElo "2449"]
[WhiteTeam "Les Tours de Haute Picardie"]
[BlackTeam "Evry Grand Roque"]
[WhiteFideId "4634284"]
[BlackFideId "662569"]
[EventDate "2014.05.24"]

1. d4 Nf6 2. Nf3 e6 3. c4 d5 4. Bg5 dxc4 5. Nc3 c5 6. e3 a6 7. Bxc4 b5 8. Bb3
Bb7 9. O-O h6 10. Bh4 cxd4 11. exd4 Be7 12. d5 Nxd5 13. Bxd5 Bxd5 14. Nxd5 Bxh4
15. Nxh4 O-O 16. Nf5 exf5 17. Qf3 Nd7 18. Qxf5 Nb6 19. Rad1 1/2-1/2

[Event "TCh-FRA Top 12 2014"]
[Site "Saint-Quentin FRA"]
[Date "2014.06.01"]
[Round "9.4"]
[White "Gordon, Stephen J"]
[Black "Kveinys, Aloyzas"]
[Result "1/2-1/2"]
[WhiteTitle "GM"]
[BlackTitle "GM"]
[WhiteElo "2493"]
[BlackElo "2547"]
[WhiteTeam "Evry Grand Roque"]
[BlackTeam "Les Tours de Haute Picardie"]
[WhiteFideId "411477"]
[BlackFideId "12800040"]
[EventDate "2014.05.24"]

1. Nf3 c5 2. c4 Nf6 3. Nc3 e6 4. g3 d5 5. cxd5 Nxd5 6. Bg2 Nc6 7. O-O Be7 8. d4
O-O 9. Nxd5 exd5 10. dxc5 Bxc5 11. Bg5 f6 12. Rc1 Bb6 13. Bd2 Re8 14. b4 Bg4 15.
a4 a6 16. Re1 Qd7 17. a5 Ba7 18. Qb3 Rad8 19. b5 axb5 20. Qxb5 Ne5 21. Qxd7 Rxd7
22. Nxe5 fxe5 23. e3 h5 24. Bb4 d4 25. exd4 Bxd4 26. a6 bxa6 27. Bc6 Rb8 28.
Bxd7 Rxb4 29. Bxg4 hxg4 30. Re2 a5 31. Ra2 Bb6 32. Rcc2 Kh7 33. Re2 e4 34. Rab2
e3 35. Rxb4 exf2+ 36. Kf1 axb4 37. Re4 Bc5 38. Rc4 Be7 39. Rc7 Bf6 40. Rb7 Bc3
41. Kxf2 Kg6 42. Ke3 Kf5 43. Rb5+ Ke6 44. Kd3 Kf6 45. Ke4 Bd2 46. Rb7 Bc3 47.
Rb6+ Kg5 48. Rb5+ Kf6 49. Rb7 Kg5 50. Kd5 Kf5 51. Rb8 Kf6 52. Rf8+ Kg5 53. Rb8
Kf5 54. Rb5 Kg5 55. Ke4+ Kf6 56. Rf5+ Ke6 57. Rg5 b3 58. Kd3 b2 59. Kc2 Be5 60.
Rxg4 Kd5 61. Rb4 Kc5 62. Rb7 Kc6 63. Rb3 Kd5 64. Rf3 Ke4 65. Rf1 Kd5 66. Rf2 Ke4
67. Re2+ Kf5 68. g4+ Kf4 69. h4 Bc3 70. Rg2 g6 71. h5 Kg5 72. hxg6 Kxg6 73. Rg1
Bg7 74. Rf1 Kg5 75. Rf7 Bd4 76. Rb7 Be3 77. Rg7+ Kh4 78. g5 Bxg5 79. Rxg5 b1=Q+
80. Kxb1 Kxg5 1/2-1/2

[Event "TCh-FRA Top 12 2014"]
[Site "Saint-Quentin FRA"]
[Date "2014.06.01"]
[Round "9.5"]
[White "Eliet, Nicolas"]
[Black "Relange, Eloi"]
[Result "0-1"]
[WhiteTitle "IM"]
[BlackTitle "GM"]
[WhiteElo "2402"]
[BlackElo "2466"]
[WhiteTeam "Les Tours de Haute Picardie"]
[BlackTeam "Evry Grand Roque"]
[WhiteFideId "602302"]
[BlackFideId "600822"]
[EventDate "2014.05.24"]

1. c4 g6 2. g3 Bg7 3. Bg2 e5 4. Nc3 d6 5. e3 Nf6 6. Nge2 O-O 7. O-O c6 8. b3 Re8
9. Ba3 a5 10. d3 Na6 11. Qd2 Nc5 12. Rad1 Qc7 13. e4 Ne6 14. h3 Rb8 15. Bb2 b5
16. cxb5 cxb5 17. Nd5 Qa7 18. Nxf6+ Bxf6 19. Kh2 b4 20. f4 Qe7 21. Rf2 exf4 22.
Bxf6 Qxf6 23. Nxf4 Nxf4 24. Qxf4 Qxf4 25. gxf4 Ba6 26. d4 Rbc8 27. e5 Kg7 28.
Bf1 Bxf1 29. Rdxf1 f6 30. f5 fxe5 31. fxg6 hxg6 32. dxe5 Rxe5 33. Rf7+ Kh6 34.
R1f2 Rc3 35. R7f6 Rh5 36. Rxd6 0-1

[Event "TCh-FRA Top 12 2014"]
[Site "Saint-Quentin FRA"]
[Date "2014.06.01"]
[Round "9.6"]
[White "Milliet, Sophie"]
[Black "Grafl, Florian"]
[Result "1/2-1/2"]
[WhiteTitle "IM"]
[BlackTitle "IM"]
[WhiteElo "2393"]
[BlackElo "2403"]
[WhiteTeam "Evry Grand Roque"]
[BlackTeam "Les Tours de Haute Picardie"]
[WhiteFideId "623725"]
[BlackFideId "4645715"]
[EventDate "2014.05.24"]

1. e4 d5 2. exd5 Qxd5 3. Nc3 Qd6 4. d4 Nf6 5. Nf3 a6 6. g3 b5 7. Bg2 Bb7 8. O-O
Nbd7 9. Ne5 Bxg2 10. Kxg2 Nxe5 11. dxe5 Qc6+ 12. Qf3 Qxf3+ 13. Kxf3 Nd7 14. e6
fxe6 15. Re1 e5 16. a4 bxa4 17. Rxa4 e6 18. Be3 Bd6 19. Ne4 O-O+ 20. Ke2 Rfb8
21. b3 Nb6 22. Bxb6 Rxb6 23. Rea1 Kf7 24. Ra5 h6 25. R1a2 Rc6 26. c3 Rb8 27. b4
Rbb6 28. Kd3 Ke8 29. f3 Kd7 30. h4 Kc8 31. h5 Kb7 32. Rh2 Rb5 33. Rxb5+ axb5 34.
Rh4 Bf8 35. Rg4 Kc8 36. Rg6 Kd8 37. g4 Ke7 38. g5 Kf7 39. gxh6 gxh6 40. Rf6+ Ke7
41. Rg6 Kf7 42. Rf6+ Ke7 43. Rg6 Kf7 1/2-1/2

[Event "TCh-FRA Top 12 2014"]
[Site "Saint-Quentin FRA"]
[Date "2014.06.01"]
[Round "9.7"]
[White "Benmesbah, Natacha"]
[Black "Moussard, Jules"]
[Result "0-1"]
[WhiteTitle "WIM"]
[BlackTitle "IM"]
[WhiteElo "2187"]
[BlackElo "2440"]
[WhiteTeam "Les Tours de Haute Picardie"]
[BlackTeam "Evry Grand Roque"]
[WhiteFideId "642002"]
[BlackFideId "642908"]
[EventDate "2014.05.24"]

1. e4 g6 2. d4 Bg7 3. Nc3 d6 4. Nf3 a6 5. a4 Nd7 6. Be3 Ngf6 7. Bc4 O-O 8. e5
Ng4 9. e6 Nxe3 10. exf7+ Kh8 11. fxe3 Nf6 12. e4 e6 13. O-O Ng4 14. Qd3 Qe7 15.
Nd1 Bd7 16. Ne3 Nh6 17. h4 Rxf7 18. Ng5 Rxf1+ 19. Rxf1 Bf6 20. Rf3 Bxg5 21. hxg5
Nf7 22. Rf6 Nxg5 23. Qf1 Kg7 24. e5 Ne4 25. Ng4 Rf8 26. Rxf8 Qxf8 27. Qe2 Qf4
28. Bd3 Ng3 29. Qf3 Qxd4+ 30. Kh2 Nf5 31. c3 Qxa4 32. b4 h5 33. Bxf5 exf5 34.
Ne3 dxe5 35. Qxb7 Qc6 36. Qb8 f4 37. Nd1 e4 38. Qd8 Qd6 39. Nf2 f3+ 40. g3 Qd2
41. Qe7+ Kg8 0-1

[Event "TCh-FRA Top 12 2014"]
[Site "Saint-Quentin FRA"]
[Date "2014.06.01"]
[Round "9.8"]
[White "Fargere, Francois"]
[Black "Cappon, John"]
[Result "1-0"]
[WhiteTitle "GM"]
[WhiteElo "2407"]
[BlackElo "2238"]
[WhiteTeam "Evry Grand Roque"]
[BlackTeam "Les Tours de Haute Picardie"]
[WhiteFideId "615935"]
[BlackFideId "608459"]
[EventDate "2014.05.24"]

1. e4 e6 2. d4 d5 3. Bd3 dxe4 4. Bxe4 Nf6 5. Bf3 c5 6. Ne2 Nc6 7. Be3 cxd4 8.
Nxd4 Ne5 9. Nc3 a6 10. Qe2 Be7 11. O-O-O Qc7 12. Bf4 Nd3+ 13. Rxd3 Qxf4+ 14. Kb1
O-O 15. g3 Qc7 16. g4 Re8 17. g5 Nd7 18. Nxe6 fxe6 19. Qxe6+ Kh8 20. Qf7 Rf8 21.
Qxe7 Qf4 22. Bxb7 Rb8 23. Bxc8 Ne5 24. Rd8 Rxc8 25. Qxf8+ Qxf8 26. Rxf8+ Rxf8
27. Ne4 Rf4 28. Nc5 Rxf2 29. Nxa6 1-0

[Event "TCh-FRA Top 12 2014"]
[Site "Saint-Quentin FRA"]
[Date "2014.06.01"]
[Round "9.1"]
[White "Nataf, Igor-Alexandre"]
[Black "Salgado Lopez, Ivan"]
[Result "1/2-1/2"]
[WhiteTitle "GM"]
[BlackTitle "GM"]
[WhiteElo "2541"]
[BlackElo "2627"]
[WhiteTeam "C.E. Strasbourg"]
[BlackTeam "L'Echiquier Chalonnais"]
[WhiteFideId "605492"]
[BlackFideId "2257327"]
[EventDate "2014.05.24"]

1. e4 e5 2. Nf3 Nc6 3. d4 exd4 4. Nxd4 Bc5 5. Nxc6 Qf6 6. Qd2 dxc6 7. Nc3 Be6 8.
Na4 Rd8 9. Bd3 Bd4 10. O-O Qe7 11. Kh1 b5 12. Nc3 Nf6 13. Qe1 O-O 14. f4 Bc4 15.
Bxc4 Bxc3 16. bxc3 bxc4 17. e5 Nd5 18. a4 Rfe8 19. Ba3 Qe6 20. a5 a6 21. Bc5 Rb8
22. Qd2 Qf5 23. Bd4 Rb2 24. Rac1 Re6 25. Qe2 Rg6 26. Qxc4 Qe4 27. Rf2 c5 28. f5
Rxg2 29. Rxg2 Nf4 30. Qf1 cxd4 31. cxd4 Kf8 32. Re1 Qxg2+ 33. Qxg2 Nxg2 34. Kxg2
Rxc2+ 35. Kf3 Ke7 36. Ke4 Rxh2 37. Rc1 Kd7 38. Rg1 g6 39. fxg6 hxg6 40. Rf1 Rh7
41. Rf6 1/2-1/2

[Event "TCh-FRA Top 12 2014"]
[Site "Saint-Quentin FRA"]
[Date "2014.06.01"]
[Round "9.2"]
[White "Krasenkow, Michal"]
[Black "Baklan, Vladimir"]
[Result "1/2-1/2"]
[WhiteTitle "GM"]
[BlackTitle "GM"]
[WhiteElo "2635"]
[BlackElo "2636"]
[WhiteTeam "L'Echiquier Chalonnais"]
[BlackTeam "C.E. Strasbourg"]
[WhiteFideId "1113100"]
[BlackFideId "14102196"]
[EventDate "2014.05.24"]

1. d4 Nf6 2. c4 e6 3. Nf3 b6 4. a3 Ba6 5. Qc2 Bb7 6. Nc3 c5 7. e4 cxd4 8. Nxd4
Bc5 9. Nf3 Ng4 10. Bg5 f6 11. Bh4 Nc6 12. b4 Be7 13. Rd1 O-O 14. Be2 Nge5 15.
O-O Nxf3+ 16. Bxf3 a5 17. bxa5 Rxa5 18. Nb5 Ne5 19. Be2 Qa8 20. f3 Bxa3 21. Nxa3
Rxa3 22. Rd2 Bc6 23. Bf2 Rb8 24. Rb1 Qa5 25. Qb2 Ra4 26. Rc2 Qa6 27. Bg3 Qa5 28.
Bf2 Qa6 29. Bg3 Qa5 1/2-1/2

[Event "TCh-FRA Top 12 2014"]
[Site "Saint-Quentin FRA"]
[Date "2014.06.01"]
[Round "9.3"]
[White "Vaisser, Anatoly"]
[Black "Sokolov, Ivan"]
[Result "1/2-1/2"]
[WhiteTitle "GM"]
[BlackTitle "GM"]
[WhiteElo "2531"]
[BlackElo "2650"]
[WhiteTeam "C.E. Strasbourg"]
[BlackTeam "L'Echiquier Chalonnais"]
[WhiteFideId "603252"]
[BlackFideId "14400030"]
[EventDate "2014.05.24"]

1. d4 Nf6 2. Nf3 d5 3. Bf4 c5 4. e3 Nc6 5. c3 e6 6. Nbd2 Bd6 7. Bg3 Bxg3 8. hxg3
Qd6 9. Bb5 Bd7 10. Qe2 a6 11. Bd3 e5 12. e4 cxd4 13. cxd4 dxe4 14. Nxe4 Nxe4 15.
Bxe4 Nxd4 16. Nxd4 Qxd4 17. Rd1 Qb4+ 18. Kf1 Bb5 19. Bd3 Bxd3 20. Qxd3 Qb5 21.
Qxb5+ axb5 22. Rh4 Rxa2 23. Rb4 f6 24. Rxb5 Ra7 25. Rc5 Kf7 26. Rc7+ Kg6 27.
Rdd7 Rg8 28. Ke2 h5 29. Ke3 Ra1 30. Rxb7 Re1+ 31. Kd2 Rg1 32. Ke2 h4 33. Kf3
hxg3 34. Kxg3 Rb1 35. f3 Kf5 36. Rxg7 Rxg7+ 37. Rxg7 Rxb2 1/2-1/2

[Event "TCh-FRA Top 12 2014"]
[Site "Saint-Quentin FRA"]
[Date "2014.06.01"]
[Round "9.4"]
[White "Dourerassou, Jonathan"]
[Black "Rozentalis, Eduardas"]
[Result "1/2-1/2"]
[WhiteTitle "IM"]
[BlackTitle "GM"]
[WhiteElo "2502"]
[BlackElo "2618"]
[WhiteTeam "L'Echiquier Chalonnais"]
[BlackTeam "C.E. Strasbourg"]
[WhiteFideId "628050"]
[BlackFideId "12800023"]
[EventDate "2014.05.24"]

1. e4 e6 2. d4 d5 3. Nc3 Bb4 4. e5 c5 5. a3 Bxc3+ 6. bxc3 Ne7 7. h4 Bd7 8. h5
Qa5 9. Bd2 Nbc6 10. h6 gxh6 11. Nf3 O-O-O 12. Rxh6 Rdg8 13. Rf6 Be8 14. Qb1 Qc7
15. Qb2 Rg4 16. O-O-O Na5 17. Ng5 Nec6 18. f3 Rh4 19. f4 Rg8 20. g3 Rh2 21. dxc5
Rxg5 22. fxg5 Nxe5 23. Bf4 Qxc5 24. Qb4 Qxb4 25. axb4 Nac4 26. Rh6 Rf2 27. Bxc4
Nxc4 28. Rxh7 Ba4 29. Bd2 Ne5 30. Rdh1 Kd7 31. R7h2 Rf3 32. Be1 Rf5 33. Bd2 Rf3
34. Be1 Rf5 35. Bd2 1/2-1/2

[Event "TCh-FRA Top 12 2014"]
[Site "Saint-Quentin FRA"]
[Date "2014.06.01"]
[Round "9.5"]
[White "Sanikidze, Tornike"]
[Black "Velten, Paul"]
[Result "1/2-1/2"]
[WhiteTitle "GM"]
[BlackTitle "IM"]
[WhiteElo "2514"]
[BlackElo "2429"]
[WhiteTeam "C.E. Strasbourg"]
[BlackTeam "L'Echiquier Chalonnais"]
[WhiteFideId "13602608"]
[BlackFideId "681091"]
[EventDate "2014.05.24"]

1. d4 d5 2. c4 dxc4 3. e4 Nf6 4. e5 Nd5 5. Bxc4 Nb6 6. Bd3 Nc6 7. Ne2 f6 8. Nf4
g6 9. exf6 Qxd4 10. fxe7 Bxe7 11. O-O O-O 12. Nc3 Qg7 13. Be3 Bd6 14. Nfd5 Be6
15. Nxb6 axb6 16. Re1 Be5 17. Qe2 Rae8 18. Rac1 h6 19. Bc4 Kh7 20. Bxe6 Rxe6 21.
Qc4 Ree8 1/2-1/2

[Event "TCh-FRA Top 12 2014"]
[Site "Saint-Quentin FRA"]
[Date "2014.06.01"]
[Round "9.6"]
[White "Sebag, Marie"]
[Black "Heinz, Timothee"]
[Result "1/2-1/2"]
[WhiteTitle "GM"]
[BlackTitle "FM"]
[WhiteElo "2486"]
[BlackElo "2322"]
[WhiteTeam "L'Echiquier Chalonnais"]
[BlackTeam "C.E. Strasbourg"]
[WhiteFideId "617822"]
[BlackFideId "623369"]
[EventDate "2014.05.24"]

1. e4 c6 2. d4 d5 3. e5 Bf5 4. Nf3 e6 5. Be2 Ne7 6. O-O Nc8 7. Nbd2 Be7 8. Ne1
c5 9. dxc5 Bxc5 10. Bd3 Ne7 11. Nb3 Bb6 12. Bg5 Qd7 13. Bxe7 Bxd3 14. Qg4 Bg6
15. Bd6 Bc7 16. Nc5 Qc8 17. Qb4 Bxd6 18. exd6 b6 19. Qa4+ Qc6 20. d7+ Ke7 21.
Qh4+ f6 22. Ncd3 Nxd7 23. Nf3 Qc4 24. Qg3 e5 25. b3 Qc7 26. Rad1 Rhd8 27. Nb4
Kf7 28. Nxd5 Qxc2 29. Rd2 Qf5 30. Nh4 Qh5 31. b4 Rac8 32. Nxg6 Qxg6 33. Qb3 Kf8
34. Qa3 Qf7 35. Rfd1 Nb8 36. b5+ Ke8 37. h3 Rd7 38. Qd3 Rc5 39. Qe4 Qg6 40. Qb4
Qf7 41. Qe4 Qg6 42. Qa4 Qf7 43. Ne3 Rxd2 44. Rxd2 g6 45. Qe4 1/2-1/2

[Event "TCh-FRA Top 12 2014"]
[Site "Saint-Quentin FRA"]
[Date "2014.06.01"]
[Round "9.7"]
[White "Roos, Daniel"]
[Black "Favarel, Antoine"]
[Result "1/2-1/2"]
[WhiteTitle "IM"]
[BlackTitle "FM"]
[WhiteElo "2354"]
[BlackElo "2333"]
[WhiteTeam "C.E. Strasbourg"]
[BlackTeam "L'Echiquier Chalonnais"]
[WhiteFideId "600253"]
[BlackFideId "642371"]
[EventDate "2014.05.24"]

1. Nf3 d5 2. g3 Bg4 3. Bg2 e6 4. O-O Nf6 5. c4 c6 6. Qb3 Qb6 7. Qc2 Nbd7 8. b3
Be7 9. Bb2 O-O 10. d3 h6 11. Nbd2 Bf5 12. Rad1 Rfd8 13. e4 dxe4 14. Nxe4 Nxe4
15. dxe4 Bh7 16. Bd4 Bc5 17. Bc3 Be7 1/2-1/2

[Event "TCh-FRA Top 12 2014"]
[Site "Saint-Quentin FRA"]
[Date "2014.06.01"]
[Round "9.8"]
[White "Donrault, Patrick"]
[Black "Nicoara, Malina"]
[Result "1/2-1/2"]
[BlackTitle "WIM"]
[WhiteElo "2195"]
[BlackElo "2108"]
[WhiteTeam "L'Echiquier Chalonnais"]
[BlackTeam "C.E. Strasbourg"]
[WhiteFideId "605255"]
[BlackFideId "604631"]
[EventDate "2014.05.24"]

1. d4 Nf6 2. Nf3 d6 3. c4 Nbd7 4. Nc3 e5 5. e4 c6 6. Be2 Be7 7. O-O O-O 8. Qc2
Qc7 9. h3 Re8 10. Be3 exd4 11. Nxd4 a5 12. Rad1 Nc5 13. Bf3 Bf8 14. Bf4 Nfd7 15.
Rd2 Ne5 16. Be2 Bd7 17. Rfd1 Rad8 18. b3 f6 19. Be3 Ra8 20. Nf5 Bxf5 21. exf5
Rad8 22. Bh5 Nf7 23. Ne2 b6 24. Nf4 Rxe3 25. Bxf7+ Qxf7 26. fxe3 Qe8 27. Ne6
Nxe6 28. fxe6 Qxe6 29. Kf2 Qe5 30. Rd4 Re8 31. Qe2 g6 32. Qf3 Bh6 33. R4d3 f5
34. Re1 Qc5 35. Kf1 Re4 36. g3 Bg7 37. Kg2 h5 38. Red1 Be5 39. R1d2 a4 40. Rd1
a3 41. R1d2 Kg7 42. Kh1 1/2-1/2

[Event "TCh-FRA Top 12 2014"]
[Site "Saint-Quentin FRA"]
[Date "2014.06.01"]
[Round "9.1"]
[White "Baron, Tal"]
[Black "Vazquez Igarza, Renier"]
[Result "1-0"]
[WhiteTitle "GM"]
[BlackTitle "GM"]
[WhiteElo "2515"]
[BlackElo "2601"]
[WhiteTeam "C.E. de Rueil Malmaison"]
[BlackTeam "Echecs Club Montpellier"]
[WhiteFideId "2809958"]
[BlackFideId "3503054"]
[EventDate "2014.05.24"]

1. d4 Nf6 2. c4 c5 3. d5 b5 4. Nf3 g6 5. cxb5 a6 6. b6 d6 7. Nc3 Nbd7 8. e4 Bg7
9. Nd2 O-O 10. a4 Qxb6 11. a5 Qa7 12. Be2 Rb8 13. O-O Ne8 14. Nc4 Nc7 15. Bg5
Re8 16. Re1 Nb5 17. Na4 Nd4 18. Bf1 Ne5 19. Nxe5 Bxe5 20. Nb6 Bd7 21. Rb1 Bb5
22. b4 Bxf1 23. Rxf1 Nb5 24. Qd3 Bd4 25. Be3 Bxe3 26. fxe3 cxb4 27. Rxb4 Qc7 28.
Rc4 Qd8 29. Rc6 e6 30. Nc4 Ra8 31. Nb6 Rb8 32. h3 Qe7 33. dxe6 fxe6 34. Nc4 Rf8
35. Rxf8+ Rxf8 36. Nxd6 Qf6 37. Nc4 Nc3 38. Kh2 Nb5 39. Qd7 Rf7 40. Qe8+ Rf8 41.
Qxe6+ Qxe6 42. Rxe6 Rc8 43. Ne5 Rc5 44. Nd7 Rc3 45. Rxa6 Rxe3 46. Rb6 1-0

[Event "TCh-FRA Top 12 2014"]
[Site "Saint-Quentin FRA"]
[Date "2014.06.01"]
[Round "9.2"]
[White "Fier, Alexandr"]
[Black "Swiercz, Dariusz"]
[Result "1-0"]
[WhiteTitle "GM"]
[BlackTitle "GM"]
[WhiteElo "2575"]
[BlackElo "2608"]
[WhiteTeam "Echecs Club Montpellier"]
[BlackTeam "C.E. de Rueil Malmaison"]
[WhiteFideId "2107139"]
[BlackFideId "1126881"]
[EventDate "2014.05.24"]

1. e4 c5 2. Nf3 e6 3. d4 cxd4 4. Nxd4 Nc6 5. Nc3 Qc7 6. Be2 Nf6 7. O-O Be7 8.
Be3 O-O 9. f4 d6 10. Kh1 Nxd4 11. Qxd4 b6 12. f5 e5 13. Qd3 Bb7 14. Bg5 Rac8 15.
Qg3 Kh8 16. Bd3 Nh5 17. Qh4 Bxg5 18. Qxh5 f6 19. Nb5 Qb8 20. c4 a6 21. Nc3 b5
22. cxb5 axb5 23. Nxb5 d5 24. Nc3 dxe4 25. Nxe4 Bf4 26. Qe2 Rfd8 27. Rad1 Qa8
28. Bb1 Ba6 29. Bd3 Bb7 30. Nc3 Rd4 31. Rfe1 Rcd8 32. Be4 Bd2 33. Bxb7 Qxb7 34.
Rf1 Qxb2 35. Nb5 R4d7 36. a4 Qb4 37. Ra1 Bg5 38. Rfb1 Qa5 39. Qc4 Be3 40. Qc6 h6
41. Rf1 Rd3 42. Qe4 Bf4 43. g3 Bg5 44. Ra2 Rb3 45. Qc6 Kh7 46. Kg2 Rb4 47. h4
Bd2 48. Nc7 Rb6 49. Qf3 Bb4 50. Ne6 Rd7 51. Rc1 Rb8 52. Kh3 Kh8 53. Rac2 Qd5 54.
Qxd5 Rxd5 55. Rb1 Ra5 56. Rxb4 Rxb4 57. Rc8+ Kh7 58. Nf8+ 1-0